01559 a2200217 45000010006000000050017000060080041000230030015000640400040000790800033001192450019001520200022001712500012001932640046002053000019002515050922002700410008011921000027012007000019012278560095012464389920260407155720.0260407a2014 arg spa dAR-UNSa-BCEJYS aAR-UNSa-BCEJYSbspacAR-UNSa-BCEJYS a330.101.541xMacroeconomía10aMacroeconomics a978-1-292-00045-9 a5a. ed. 1aHarlow :bPearson Education Limitedc2014 a718 p.c23 cm. a1. Introduction - 2. Measurement - 3. Business cycle measurement - 4. Consumer and Firm Behavior: The Work—Leisure Decision and Profit Maximization - 5. A Closed-Economy One-Period Macroeconomic Model - 6. Search and Unemployment Labor Market Facts - 7. Economic Growth: Malthus and Solow - 8. Income Disparity Among Countries and Endogenous Growth Convergence - 9. A Two-Period Model: The Consumption—Savings Decision and Credit Markets - 10. Credit Market Imperfections: Credit Frictions, Financial Crises, and Social Security - 11. A Real Intertemporal Model with - Investment - 12. Money, Banking, Prices, and Monetary Policy - 13. Business Cycle Models with Flexible Prices and Wages - 14. New Keynesian Economics: Sticky Prices - 15. International Trade in Goods and Assets - 16. Money in the Open Economy - 17. Money, Inflation, and Banking - 18. Inflation, the Phillips Curve, and Central Bank Commitment. aspa1 aWilliamson, Stephen D.1 aSharma, Anisha41uhttps://biblioeco.unsa.edu.ar/pmb/images/libros/L126835.jpgyImagen de portadaqimage/jpeg